Gdzie znajduje się ten pałac? #2 - Statystyki

Ogólne statystyki
  • Ten quiz został rozwiązany 9 razy
  • Średni wynik to 3 z 15
Statystyki odpowiedzi
Obrazkowy Odpowiedź % Poprawnych
Kórnik
71%
Antonin
57%
Nieborów
57%
Drogosze
14%
Kobylniki
14%
Łomnica
14%
Mysłakowice
14%
Nakło Śląskie
14%
Szczekociny
14%
Zakrzewo
14%
Chróstnik
0%
Jedlina-Zdrój
0%
Mokrzeszów
0%
Narol
0%
Wojanów
0%
Nie znaleziono quizów pasujących do podanych kryteriów
Rozkład punktacji
Procent ludzi z każdym wynikiem
Percentyl według liczby udzielonych odpowiedzi
Twoja historia wyników
Nie rozwiązałeś tego quizu